Studio C Sketches by Quotes - Statistics

General Stats
  • This quiz has been taken 51 times
  • The average score is 11 of 20
Answer Stats
Said by Quote Answer % Correct
Stephen & Jason The Man! The Myth! THE LEGEND!!! Top Soccer Shootout Ever with Scott Sterling
97%
Matt Balance restored! Captain Literally
78%
All & Malory Jaundice! DANGIT!! The Crayon Song Gets Ruined
75%
James I apologize of the inconvenience. Lobster Bisque
69%
Malory LIKE THE WIND!!!! Poker Face
67%
Matt Why would you put Malcolm's face on 'creepy'? How Are You Feeling
64%
Matt Oh, hi, U.S.A.. International Relations
64%
Malory STOP! ... I wanna talk about cheese. Operation Breakup
61%
Matt "Interesting" good, or "interesting" like a mental illness? The Doorstep: Part 1
61%
Matt ...and if you look on Tuesday, there's a slight chance of death. Five Day Weather Forecast
53%
James ...I'm pretty sure we just entered a Jumanji situation. Game of Life IRL
53%
Malory No match for my cat-like reflexes, I see. Lady Shadow
53%
Jason "99% match. You enjoy sewage." Career Placement Test
47%
Matt Raising my voice as I repeat my lame excuse for not doing it. Every Fight Ever
47%
Stephen A poo... -py... pants. Kindergarten Fight for Love
47%
Stephen At most you'd break a leg. Famous Last Words
36%
Matt Und zey say philosophy is a useless major. Practical Philosophy
33%
Narrator Our heroes were conflicted, except for Karl, who was German. The Adventures of Abraham Lincoln
22%
Stephen ...Otherwise I'd float away like an angry balloon. X-Men Community College
14%
Robotic recorded voice This guy gets it. I'm just saying what we're all thinking. Disneyland Lincoln Ride Gets Scary
8%
No matching quizzes found
Score Distribution
Percent of People with Each Score
Percentile by Number Answered
Your Score History
You have not taken this quiz